UBT Library

Medical terminology : (Record no. 47189)

000 -LEADER
fixed length control field 00696cam a22002294a 4500
001 - CONTROL NUMBER
control field 12727545
005 - DATE AND TIME OF LATEST TRANSACTION
control field 20180815081049.0
008 - FIXED-LENGTH DATA ELEMENTS--GENERAL INFORMATION
fixed length control field 020402s2002 paua 001 0 eng
010 ## - LIBRARY OF CONGRESS CONTROL NUMBER
LC control number 2002066081
020 ## - INTERNATIONAL STANDARD BOOK NUMBER
International Standard Book Number 0781733944
040 ## - CATALOGING SOURCE
Original cataloging agency DLC
Transcribing agency DLC
Modifying agency DLC
041 ## - LANGUAGE CODE
Language code of text/sound track or separate title eng
042 ## - AUTHENTICATION CODE
Authentication code pcc
080 ## - UNIVERSAL DECIMAL CLASSIFICATION NUMBER
Universal Decimal Classification number 610 14
082 00 - DEWEY DECIMAL CLASSIFICATION NUMBER
Classification number 610 14
Edition number 21
100 1# - Rafti
Rafti 3
101 ## - Shkurtesa
Shkurtesa SHM
245 10 - TITLE STATEMENT
Title Medical terminology :
Statement of responsibility, etc Marjorie Canfield Willis.
906 ## - LOCAL DATA ELEMENT F, LDF (RLIN)
a 7
b cbc
c orignew
d 1
e ocip
f 20
g y-gencatlg
942 ## - ADDED ENTRY ELEMENTS (KOHA)
Source of classification or shelving scheme
Item type Books
Holdings
Withdrawn status Lost status Source of classification or shelving scheme Damaged status Not for loan Permanent location Current location Date acquired Total Checkouts Full call number Barcode Date last seen Price effective from Koha item type
          UBT - Lipjan UBT - Lipjan 08/15/2018   610 14 WIL 002-3011372 08/15/2018 08/15/2018 Books
UBT Library © 2015-2024. All rights reserved University Education for Business and Technology